Cosa Nuestra - Rauw Alejandro - Estadísticas

Estadísticas generales
  • Esta prueba ha sido intentada 43 veces
  • La puntuación promedio es 13 de 18
Estadísticas de respuestas
Hint Respuesta % Correcto
Cosa Nuestra
93%
ft. Romeo Santos Khé?
93%
ft. Bad Bunny Que Pasaría
93%
ft. Laura Pausini Se Fue
90%
ft. Pharrell Williams Committed
79%
ft. Feid Revolú
76%
Amar de Nuevo
72%
Déjame Entrar
72%
ft. Marconi Impara, Yan Block Espresso Martini
72%
ft. Mr. Nasgai Pasaporte
72%
SEXXXMACHINE
72%
Tú Con Él
72%
ft. Alexis y Fido Baja Pa' Acá
69%
Ni Me Conozco
69%
Mil Mujeres
66%
ft. LATIN MAFIA 2:12 AM
62%
IL Capo
62%
Touching The Sky
62%
No se encontraron pruebas coincidentes
Distribución de puntuación
Porcentaje de gente con cada puntuación
Porcentaje por número respondido
Historial de tus puntuaciones
No has intentado esta prueba.